000
00226nam a2200085Ia 4500
008
120527s9999 xx 000 0 und d
100
_a
Bailey, T. Norman
245
_a
The mathematical Approach to biologyand medicine
942
_c
BK
999
_c
27822
_d
27822